Buffalo Subway Stops Quiz Stats

 Plays Quiz not verified by Sporcle

Score 0/15 Timer 09:00
0 Plays Today
Attractions Station % Correct
Anchor Bar, Buffalo Niagara Medical Campus, Allentown, Roswell Park Cancer InstituteAllen
75.6%
SUNY Buffalo South CampusUniversity
73.3%
Shea's Performing Arts Center, Buffalo Theatre DistrictTheater
66.7%
Hertel Avenue, All-High StadiumLaSalle
64.4%
Canisius College Koessler Athletic CenterDelavan
57.8%
HSBC ArenaSpecial Events
53.3%
Buffalo City Court, Buffalo Transportation Center, Erie Community College - City Campus, Main Place Mall & TowerChurch
48.9%
Chippewa Entertainment District, Electric BuildingFountain Plaza
46.7%
Attractions Station % Correct
Buffalo City Hall, Buffalo Convention Center, Buffalo Central LibraryLafayette Square
46.7%
Coca-Cola Field, HSBC CenterSeneca
46.7%
Women and Children's Hospital, Millard Fillmore HospitalUtica
44.4%
City Honors High Schoo, Allentown, Theodore Roosevelt Inaugural SiteSummer-Best
44.4%
Buffalo Zoo, Delaware Park, Darwin D. Martin House ComplexAmherst Street
42.2%
Canisius College, Sisters Hospital, Medaille College, Delware ParkHumboldt-Hospital
42.2%
HSBC Arena, Buffalo Waterfront, Buffalo/Erie County Naval & Military ParkErie Canal Harbor
35.6%

You're not logged in!

Compare scores with friends on all Sporcle quizzes.
OR
Log In

Show Comments

Extras

Created Oct 23, 2010SourceReportNominate
Tags:buffalo, subway

Top Quizzes Today


Score Distribution

Your Account Isn't Verified!

In order to create a playlist on Sporcle, you need to verify the email address you used during registration. Go to your Sporcle Settings to finish the process.

Report this User

Report this user for behavior that violates our Community Guidelines.

Details: